[Event "3rd 4NCL Easter Congress"]
[Site "Mercure Daventry Court Hotel"]
[Date "2023.04.08"]
[Round "3"]
[Board "13"]
[White "Loyden, Gary"]
[Black "Collins, Nigel"]
[Result "1/2-1/2"]
[WhiteElo "1444"]
[BlackElo "1454"]
[PlyCount "59"]
[EventDate "2023.04.07"]
[EventRounds "7"]
[EventCountry "ENG"]

1. e4 c5 2. d4 cxd4 3. c3 dxc3 4. Nxc3 Nc6 5. Nf3 g6 6. Bc4 Bg7 7. O-O a6 8. e5 e6
9. Bf4 Qc7 10. Qe2 Nge7 11. Rfd1 O-O 12. Rac1 b5 13. Bd3 Bb7 14. Ne4 Nd5 15. Bg3
Qb8 16. Nd6 Bh6 17. Ra1 Nf4 18. Bxf4 Bxf4 19. Nxb7 Qxb7 20. g3 Bh6 21. Be4 Rac8 22.
Rd6 Rfd8 23. Rad1 Bf8 24. R6d3 Qa7 25. Bxc6 Rxc6 26. Qd2 Rc7 27. Nd4 Bc5 28. Rf1
Bxd4 29. Rxd4 Qc5 30. Re1  1/2-1/2

[Event "3rd 4NCL Easter Congress"]
[Site "Mercure Daventry Court Hotel"]
[Date "2023.04.08"]
[Round "3"]
[Board "14"]
[White "Joseph, Tomy"]
[Black "Goldsmith, Jennifer"]
[Result "1-0"]
[WhiteElo "1506"]
[BlackElo "1281"]
[PlyCount "149"]
[EventDate "2023.04.07"]
[EventRounds "7"]
[EventCountry "ENG"]

1. e4 c6 2. d4 d5 3. exd5 cxd5 4. Bd3 Nf6 5. Nf3 Nc6 6. c3 Qc7 7. O-O Bg4 8. Nbd2
e6 9. h3 Bxf3 10. Nxf3 Be7 11. Re1 O-O 12. Ne5 Bd6 13. f4 Nd7 14. Qh5 Nf6 15. Qf3
Rfe8 16. g4 g6 17. Bd2 a6 18. Qf2 Rad8 19. Qh4 Be7 20. Qf2 Bd6 21. Be2 Ne4 22. Qf3
Bf8 23. Bc1 Bh6 24. g5 Bf8 25. Bd3 Nd6 26. Ng4 Kh8 27. Nf6 Re7 28. Qf2 Nf5 29. Bd2
Nb8 30. Bxf5 exf5 31. Re5 Qc6 32. Rae1 Rxe5 33. Rxe5 Bg7 34. Qh4 h5 35. Rxf5 Bxf6
36. Rxf6 Qe8 37. Rb6 Rd7 38. Qf2 Nc6 39. Qf3 Qd8 40. Rb3 Na5 41. Rb4 Nc6 42. Ra4
Na5 43. b4 b5 44. Rxa5 Rd6 45. a4 bxa4 46. Rxa4 Qd7 47. Ra5 Qf5 48. Qf2 Qxh3 49.
Qg2 Qf5 50. Ra1 Qd3 51. Re1 Re6 52. Re5 Qb1+ 53. Kh2 Qd3 54. Be1 Rd6 55. Qe2 Qxe2+
56. Rxe2 Re6 57. Rxe6 fxe6 58. Kg3 Kg8 59. Kf3 Kf7 60. Ke3 Ke7 61. Kd3 Kd6 62. c4
Kc6 63. cxd5+ Kxd5 64. Bf2 Kc6 65. Kc4 Kd6 66. Be1 Kc6 67. Bf2 Kd6 68. Kb3 Kd5 69.
Ka4 Kc6 70. Ka5 Kb7 71. b5 axb5 72. Kxb5 Kc7 73. Kc5 Kd7 74. Bg3 Ke7 75. Kc6  1-0

[Event "3rd 4NCL Easter Congress"]
[Site "Mercure Daventry Court Hotel"]
[Date "2023.04.08"]
[Round "3"]
[Board "15"]
[White "Dhingra, Kanvansh"]
[Black "Wallman, James"]
[Result "1-0"]
[WhiteElo "1420"]
[BlackElo "1517"]
[PlyCount "87"]
[EventDate "2023.04.07"]
[EventRounds "7"]
[EventCountry "ENG"]

1. e4 e5 2. Nf3 Nc6 3. Bc4 h6 4. d4 d6 5. dxe5 dxe5 6. Qxd8+ Kxd8 7. Bxf7 Bb4+ 8.
c3 Ba5 9. O-O Nf6 10. Bd5 Re8 11. c4 Bg4 12. a3 Bxf3 13. gxf3 Nd4 14. b4 c6 15. bxa5
cxd5 16. cxd5 Nxf3+ 17. Kg2 Nd4 18. Nd2 Rc8 19. Rb1 Re7 20. f3 Rec7 21. Bb2 Rc2 22.
Rf2 Nh5 23. Bxd4 exd4 24. Rxb7 Nf4+ 25. Kg3 Nd3 26. Rg2 Ra2 27. Nf1 Rxa3 28. Rxa7
Rc1 29. Nd2 Ne5 30. Rxg7 Ra2 31. Nb3 Rxg2+ 32. Kxg2 Rc2+ 33. Kg3 Rc3 34. Nd2 Rd3
35. a6 Rxd2 36. a7 Ra2 37. Rg8+ Kc7 38. a8=Q Rxa8 39. Rxa8 d3 40. Ra2 Kd6 41. Rd2
Kc5 42. f4 Kd4 43. fxe5 Ke3 44. Rxd3+  1-0

[Event "3rd 4NCL Easter Congress"]
[Site "Mercure Daventry Court Hotel"]
[Date "2023.04.08"]
[Round "3"]
[Board "16"]
[White "Veeturi, Yashvardhan"]
[Black "Scorer, David M"]
[Result "1/2-1/2"]
[WhiteElo "1183"]
[BlackElo "1269"]
[PlyCount "51"]
[EventDate "2023.04.07"]
[EventRounds "7"]
[EventCountry "ENG"]

1. e4 c6 2. Nc3 d5 3. Nf3 dxe4 4. Nxe4 Bg4 5. h3 Bxf3 6. Qxf3 Nd7 7. d4 Ngf6 8. c3
Nxe4 9. Qxe4 Nf6 10. Qf3 e6 11. Bd3 Be7 12. O-O O-O 13. Re1 Re8 14. a4 Qc7 15. a5
a6 16. Bf4 Bd6 17. Bg5 Be7 18. Re2 Rec8 19. Bc4 Nd5 20. Bxe7 Qxe7 21. Rc1 Qc7 22.
Re5 Rf8 23. g4 Nf6 24. Rg5 Qe7 25. Re5 Nd5 26. Bb3  1/2-1/2

[Event "3rd 4NCL Easter Congress"]
[Site "Mercure Daventry Court Hotel"]
[Date "2023.04.08"]
[Round "3"]
[Board "17"]
[White "Sartain, Patrick P"]
[Black "Mehmood, Muhammed"]
[Result "1-0"]
[WhiteElo "1424"]
[BlackElo "1387"]
[PlyCount "141"]
[EventDate "2023.04.07"]
[EventRounds "7"]
[EventCountry "ENG"]

1. e4 d6 2. f4 g6 3. Nf3 Bg7 4. c3 Bg4 5. Be2 Nd7 6. d4 Bxf3 7. Bxf3 e5 8. O-O Ngf6
9. fxe5 dxe5 10. d5 O-O 11. Bg5 h6 12. Be3 Qe7 13. b4 Nb6 14. Bc5 Qd7 15. Bxf8 Rxf8
16. Nd2 Rd8 17. c4 c6 18. c5 Nc8 19. d6 Ne8 20. Bg4 f5 21. exf5 Nf6 22. Bh3 gxf5
23. Bxf5 Qf7 24. Qb3 Qxb3 25. Nxb3 Nd5 26. Be6+ Kh8 27. a3 e4 28. Rae1 Nc3 29. Kh1
b6 30. Bf5 Rf8 31. Bxc8 Rxc8 32. Re3 Rd8 33. Rf7 a5 34. Rxg7 Rf8 35. Nd2 Kxg7 36.
Kg1 Nd5 37. Rxe4 axb4 38. axb4 bxc5 39. bxc5 Rf7 40. Nc4 Nf4 41. Ne5 Rf8 42. Nxc6
Nd3 43. d7 Nxc5 44. Re7+ Kf6 45. Rh7 Kg6 46. Rxh6+ Kxh6 47. d8=Q Rxd8 48. Nxd8 Kg6
49. Nc6 Kg5 50. Kf2 Ne4+ 51. Ke3 Nf6 52. Nd4 Ng4+ 53. Ke4 Nxh2 54. Nf3+ Nxf3 55.
gxf3 Kf6 56. Kf4 Kf7 57. Kf5 Ke7 58. f4 Ke8 59. Ke6 Kf8 60. Kf6 Kg8 61. Ke7 Kh8 62.
f5 Kh7 63. f6 Kh8 64. f7 Kh7 65. Kf6 Kh6 66. f8=Q+ Kh5 67. Kf5 Kh4 68. Qg7 Kh3 69.
Kf4 Kh2 70. Kf3 Kh1 71. Qg2#  1-0

[Event "3rd 4NCL Easter Congress"]
[Site "Mercure Daventry Court Hotel"]
[Date "2023.04.08"]
[Round "3"]
[Board "18"]
[White "Fisher, Neal"]
[Black "Reghu, Jyothika Ullukaranparambil"]
[Result "0-1"]
[WhiteElo "1519"]
[BlackElo "1400"]
[PlyCount "118"]
[EventDate "2023.04.07"]
[EventRounds "7"]
[EventCountry "ENG"]

1. d4 Nf6 2. Nf3 e6 3. Bf4 c5 4. e3 Nh5 5. Bg3 Qb6 6. Qc1 Nc6 7. c3 Nxg3 8. hxg3
d5 9. Bd3 Be7 10. Qc2 h6 11. Nbd2 Bd7 12. O-O h5 13. dxc5 Bxc5 14. Nd4 Ne5 15. Be2
Ng4 16. b4 Bd6 17. a4 Rc8 18. Qb2 e5 19. Bxg4 hxg4 20. a5 Qd8 21. N4b3 Qg5 22. f4
gxf3 23. Nxf3 Qxe3+ 24. Qf2 Rxc3 25. Qxe3 Rxe3 26. Nc5 Bxc5 27. bxc5 a6 28. Rab1
Bb5 29. Rf2 Ke7 30. Nh4 g6 31. Nf3 d4 32. Rfb2 Rd8 33. Kf2 f6 34. Rd2 Rc3 35. Nh4
Kf7 36. Nf3 Rxc5 37. Rh1 Kg7 38. Rh4 Rdc8 39. Ne1 Rh8 40. Rxh8 Kxh8 41. Rc2 Rxc2+
42. Nxc2 Kg7 43. Nb4 Kf7 44. Kf3 Bc6+ 45. Kf2 Ke6 46. g4 Bb5 47. Kf3 f5 48. gxf5+
gxf5 49. Nc2 e4+ 50. Kf2 d3 51. Nd4+ Ke5 52. Nb3 f4 53. g3 e3+ 54. Kf3 Bc6+ 55. Kg4
f3 56. Nc5 d2 57. Nd3+ Kd4 58. Nb2 e2 59. Kf4 e1=Q  0-1

[Event "3rd 4NCL Easter Congress"]
[Site "Mercure Daventry Court Hotel"]
[Date "2023.04.08"]
[Round "3"]
[Board "19"]
[White "Sahoo, Shivam"]
[Black "Spirling, Florence"]
[Result "1-0"]
[WhiteElo "1377"]
[BlackElo "1114"]
[PlyCount "113"]
[EventDate "2023.04.07"]
[EventRounds "7"]
[EventCountry "ENG"]

1. Nf3 d5 2. d4 Nf6 3. Bf4 Bf5 4. Nc3 e6 5. g3 c5 6. e3 Nc6 7. Nb5 Rc8 8. Bg2 Qa5+
9. Nc3 Nb4 10. Rc1 Ne4 11. O-O Nxc3 12. bxc3 Na6 13. Nh4 Bg6 14. Nxg6 hxg6 15. Rb1
Qxc3 16. Rxb7 Nb4 17. Rxa7 cxd4 18. Qxd4 Qxc2 19. e4 Nc6 20. Qa4 Qxa4 21. Rxa4 dxe4
22. Bxe4 f5 23. Bg2 Kf7 24. Rc1 Ne7 25. Re1 Nc6 26. Ra6 Bb4 27. Rb1 Nb8 28. Rb6 Ba5
29. Rxb8 Rxb8 30. Rxb8 Rxb8 31. Bxb8 g5 32. Be5 g6 33. Kf1 g4 34. Ke2 Ke7 35. Kd3
Bb6 36. Bd4 Bc7 37. a4 f4 38. Kc4 f3 39. Bf1 Ba5 40. Kb5 Bc7 41. Bb6 Bb8 42. Kc6
e5 43. a5 Ke6 44. Kb7 Bd6 45. a6 Kd5 46. a7 e4 47. a8=Q Ke5 48. Qa1+ Kf5 49. Kc6
Be5 50. Bd4 Bxd4 51. Qxd4 g5 52. Kd6 Kg6 53. Qxe4+ Kh6 54. Bd3 Kg7 55. Qh7+ Kf8 56.
Ke6 Ke8 57. Qh8#  1-0

[Event "3rd 4NCL Easter Congress"]
[Site "Mercure Daventry Court Hotel"]
[Date "2023.04.08"]
[Round "3"]
[Board "20"]
[White "Dargue, Peter W"]
[Black "Tomy, Jake"]
[Result "0-1"]
[WhiteElo "1339"]
[BlackElo "1306"]
[PlyCount "44"]
[EventDate "2023.04.07"]
[EventRounds "7"]
[EventCountry "ENG"]

1. e4 e5 2. Nf3 Nc6 3. Bc4 Be7 4. c3 Nf6 5. Qe2 O-O 6. d4 exd4 7. cxd4 d5 8. exd5
Bb4+ 9. Bd2 Re8 10. Ne5 Nxd4 11. Qd1 Rxe5+ 12. Kf1 Bxd2 13. Qxd2 Qe8 14. Nc3 Nf5
15. g3 Nd6 16. Bb3 Bh3+ 17. Kg1 c6 18. f4 Re7 19. Kf2 cxd5 20. Rhe1 Nde4+ 21. Nxe4
Nxe4+ 22. Rxe4 Rxe4  0-1

[Event "3rd 4NCL Easter Congress"]
[Site "Mercure Daventry Court Hotel"]
[Date "2023.04.08"]
[Round "3"]
[Board "21"]
[White "Walker, Heather Enid"]
[Black "Matilal, Tamal K"]
[Result "0-1"]
[WhiteElo "1273"]
[BlackElo "1354"]
[PlyCount "86"]
[EventDate "2023.04.07"]
[EventRounds "7"]
[EventCountry "ENG"]

1. e4 g6 2. d4 c5 3. Nf3 Bg7 4. Bc4 e6 5. dxc5 Qa5+ 6. c3 Qxc5 7. Qe2 Nc6 8. Be3
Qa5 9. O-O Nge7 10. Nbd2 d5 11. Nb3 Qd8 12. Rad1 O-O 13. exd5 exd5 14. Bd3 Bg4 15.
h3 Bxf3 16. Qxf3 Ne5 17. Qe2 b6 18. Bc2 Re8 19. Nd4 Nc4 20. Bb3 Nxe3 21. fxe3 a5
22. Ba4 Rf8 23. Qf3 Rb8 24. e4 Bxd4+ 25. Rxd4 b5 26. Bc2 Qb6 27. exd5 b4 28. Kh1
bxc3 29. Qxc3 Qxb2 30. Qxb2 Rxb2 31. Bb3 Nf5 32. Rd3 h5 33. Kh2 h4 34. d6 Rd8 35.
d7 Kf8 36. Re1 Rf2 37. a4 Ng3 38. Bc4 Nf1+ 39. Kg1 Rf4 40. Bb5 Ng3 41. Re8+ Kg7 42.
Rxd8 Rf1+ 43. Kh2 Rh1#  0-1

[Event "3rd 4NCL Easter Congress"]
[Site "Mercure Daventry Court Hotel"]
[Date "2023.04.08"]
[Round "3"]
[Board "22"]
[White "Bangalore Kumar, Rohith"]
[Black "Borissow, Alastair"]
[Result "0-1"]
[WhiteElo "1228"]
[BlackElo "1346"]
[PlyCount "44"]
[EventDate "2023.04.07"]
[EventRounds "7"]
[EventCountry "ENG"]

1. e4 c6 2. d4 d5 3. e5 Bf5 4. h4 h6 5. g4 Bh7 6. Nc3 e6 7. Be3 Bb4 8. Qd2 Qa5 9.
Nge2 Nd7 10. O-O-O Bxc3 11. Nxc3 b5 12. b3 Rb8 13. g5 b4 14. Na4 h5 15. Bd3 Nb6 16.
c3 Nxa4 17. bxa4 bxc3 18. Qc2 Rb2 19. Qxb2 cxb2+ 20. Kxb2 Qb4+ 21. Kc2 Qxa4+ 22.
Kb1 Qb5+  0-1

[Event "3rd 4NCL Easter Congress"]
[Site "Mercure Daventry Court Hotel"]
[Date "2023.04.08"]
[Round "3"]
[Board "23"]
[White "Liu, Murray"]
[Black "Mikalajunas, Mindaugas"]
[Result "1-0"]
[WhiteElo "1166"]
[BlackElo "1286"]
[PlyCount "121"]
[EventDate "2023.04.07"]
[EventRounds "7"]
[EventCountry "ENG"]

1. d4 d5 2. Bf4 Bf5 3. e3 e6 4. Nf3 c5 5. Nc3 Nc6 6. a3 Qb6 7. dxc5 Qxb2 8. Nb5 O-O-O
9. Rb1 Qxc2 10. Qxc2 Bxc2 11. Rc1 Bg6 12. g3 Nf6 13. Ne5 a6 14. Nd6+ Bxd6 15. cxd6
Nd7 16. Nxc6 bxc6 17. Bxa6+ Kb8 18. Rxc6 e5 19. Bg5 f6 20. Bh4 Be4 21. O-O d4 22.
Rc4 Ka7 23. Bb5 Nb6 24. Rc7+ Kb8 25. f3 d3 26. fxe4 d2 27. Rd1 Rxd6 28. Rxg7 Rc8
29. Be2 Rc1 30. Rf1 Nc4 31. Kf2 Rxf1+ 32. Kxf1 d1=Q+ 33. Bxd1 Rxd1+ 34. Ke2 Rd2+
35. Kf3 Rd3 36. Rxh7 Nxe3 37. Bxf6 Nc4+ 38. Kg4 Rxa3 39. h4 Ne3+ 40. Kg5 Nc4 41.
g4 Re3 42. Kf5 Rf3+ 43. Ke6 Rf4 44. Bxe5+ Nxe5 45. Kxe5 Rxg4 46. h5 Kc8 47. h6 Rh4
48. Rh8+ Kd7 49. Kf6 Rxe4 50. Rg8 Re6+ 51. Kg5 Re1 52. Kf6 Rf1+ 53. Kg7 Ke7 54. h7
Rg1+ 55. Kh6 Rh1+ 56. Kg7 Rg1+ 57. Kh8 Rf1 58. Kg7 Rg1+ 59. Kh6 Rh1+ 60. Kg6 Rg1+
61. Kf5  1-0

[Event "3rd 4NCL Easter Congress"]
[Site "Mercure Daventry Court Hotel"]
[Date "2023.04.09"]
[Round "4"]
[Board "1"]
[White "Vaidyanathan, Sathya"]
[Black "Gilbert, David J"]
[Result "1/2-1/2"]
[WhiteElo "1325"]
[BlackElo "1552"]
[PlyCount "43"]
[EventDate "2023.04.07"]
[EventRounds "7"]
[EventCountry "ENG"]

1. e4 d5 2. exd5 Qxd5 3. Nc3 Qd6 4. Nf3 Nf6 5. h3 Bf5 6. Bc4 c6 7. d3 e6 8. a3 Nbd7
9. Bd2 Qc7 10. Qe2 Bd6 11. Nh4 Bg6 12. Nxg6 hxg6 13. Ne4 Nxe4 14. Qxe4 Nf6 15. Qf3
O-O-O 16. Bc3 Be5 17. O-O Bxc3 18. bxc3 Rh5 19. Qg3 Qxg3 20. fxg3 Rd7 21. Bb3 Kc7
22. g4  1/2-1/2

[Event "3rd 4NCL Easter Congress"]
[Site "Mercure Daventry Court Hotel"]
[Date "2023.04.09"]
[Round "4"]
[Board "2"]
[White "Whittington, Reece W"]
[Black "Mokhber-Garcia, Sebastian"]
[Result "0-1"]
[WhiteElo "1589"]
[BlackElo "1537"]
[PlyCount "96"]
[EventDate "2023.04.07"]
[EventRounds "7"]
[EventCountry "ENG"]

1. d4 Nf6 2. c4 d6 3. Nc3 g6 4. e4 Bg7 5. f3 O-O 6. Be3 Nbd7 7. Qd2 h5 8. h4 e5 9.
d5 a5 10. Nge2 Nc5 11. Bxc5 dxc5 12. O-O-O Kh7 13. Kb1 Ne8 14. Ng3 Nd6 15. Nb5 f5
16. Nxd6 cxd6 17. exf5 Bxf5+ 18. Bd3 Bh6 19. Qc2 Bxd3 20. Qxd3 Kg7 21. Ne4 Rf7 22.
g4 hxg4 23. fxg4 Bf4 24. g5 Kf8 25. Nf6 Rg7 26. Rdf1 Qc7 27. Rh3 Ke7 28. Qe4 Qc8
29. Rhf3 Kd8 30. Re1 Qf5 31. Rxf4 exf4 32. Qxf5 gxf5 33. Rf1 Ke7 34. Rxf4 Rh8 35.
Kc2 Rg6 36. Kd3 Rxf6 37. gxf6+ Kxf6 38. Rf1 Rxh4 39. b3 Ke5 40. Rg1 Rh3+ 41. Kc2
Rh2+ 42. Kb1 f4 43. Rf1 Ke4 44. a4 f3 45. Kc1 Ke3 46. Kd1 Re2 47. Kc1 f2 48. Kd1
Ra2  0-1

[Event "3rd 4NCL Easter Congress"]
[Site "Mercure Daventry Court Hotel"]
[Date "2023.04.09"]
[Round "4"]
[Board "3"]
[White "Fraser, Chris A"]
[Black "Gibbs, John"]
[Result "0-1"]
[WhiteElo "1393"]
[BlackElo "1636"]
[PlyCount "46"]
[EventDate "2023.04.07"]
[EventRounds "7"]
[EventCountry "ENG"]

1. e4 c5 2. Nc3 d6 3. f4 Nc6 4. Nf3 Nf6 5. Bb5 Bd7 6. O-O e6 7. d3 Be7 8. e5 Nd5
9. Ne4 Nd4 10. Bxd7+ Qxd7 11. c3 Nc6 12. c4 Nb6 13. Be3 Qc7 14. b3 dxe5 15. fxe5
Nxe5 16. Bf4 Nxf3+ 17. Qxf3 Qd7 18. Be5 O-O 19. Qg3 f6 20. Bxf6 Bxf6 21. Rxf6 Qd4+
22. Rf2 Qxa1+ 23. Rf1 Qxf1#  0-1

[Event "3rd 4NCL Easter Congress"]
[Site "Mercure Daventry Court Hotel"]
[Date "2023.04.09"]
[Round "4"]
[Board "4"]
[White "D'Agnese, Mattiangelo"]
[Black "Neil, Graham"]
[Result "0-1"]
[WhiteElo "1402"]
[BlackElo "1578"]
[PlyCount "24"]
[EventDate "2023.04.07"]
[EventRounds "7"]
[EventCountry "ENG"]

1. e4 g6 2. d4 Bg7 3. f4 d6 4. Be3 c5 5. c3 b6 6. Nf3 Nf6 7. Bd3 O-O 8. dxc5 dxc5
9. e5 Ng4 10. Bxc5 bxc5 11. Be4 Qxd1+ 12. Kxd1 Nf2+  0-1

[Event "3rd 4NCL Easter Congress"]
[Site "Mercure Daventry Court Hotel"]
[Date "2023.04.09"]
[Round "4"]
[Board "5"]
[White "Joseph, Tomy"]
[Black "Robinson, Martyn"]
[Result "1-0"]
[WhiteElo "1506"]
[BlackElo "1639"]
[PlyCount "41"]
[EventDate "2023.04.07"]
[EventRounds "7"]
[EventCountry "ENG"]

1. d4 Nf6 2. Bf4 d5 3. e3 c5 4. Nc3 cxd4 5. exd4 Nc6 6. Nb5 Qa5+ 7. c3 e5 8. dxe5
a6 9. b4 Qd8 10. exf6 axb5 11. Bxb5 Qxf6 12. Ne2 Be6 13. O-O Be7 14. Bxc6+ bxc6 15.
Qd4 O-O 16. Be5 Qg5 17. f4 Qg4 18. Qe3 f6 19. Bd4 Rae8 20. h3 Qg6 21. Qxe6+  1-0

[Event "3rd 4NCL Easter Congress"]
[Site "Mercure Daventry Court Hotel"]
[Date "2023.04.09"]
[Round "4"]
[Board "6"]
[White "Dong, Ethan"]
[Black "Shivakumar, Akshath"]
[Result "1-0"]
[WhiteElo "1500"]
[BlackElo "1408"]
[PlyCount "151"]
[EventDate "2023.04.07"]
[EventRounds "7"]
[EventCountry "ENG"]

1. d4 f5 2. g3 e6 3. Nf3 Nf6 4. Bg2 c6 5. c4 d5 6. c5 Be7 7. Nbd2 O-O 8. O-O Bd7
9. Ne5 Ne4 10. Nxe4 fxe4 11. e3 Be8 12. f3 exf3 13. Rxf3 Nd7 14. Rxf8+ Bxf8 15. Nxd7
Qxd7 16. Bh3 Bf7 17. Bd2 Be7 18. Qe2 Bf6 19. a4 Qe7 20. Bg4 e5 21. Bc3 Re8 22. Re1
Bg6 23. b4 h5 24. Bxh5 Bxh5 25. Qxh5 exd4 26. exd4 Bxd4+ 27. Kg2 Bxc3 28. Qxe8+ Qxe8
29. Rxe8+ Kf7 30. Rb8 Bxb4 31. Rxb7+ Ke6 32. Rxb4 Ke5 33. Kf3 d4 34. Rb7 Kd5 35.
Rxa7 Kxc5 36. Rd7 Kc4 37. a5 Kb5 38. Rxd4 Kxa5 39. Rg4 c5 40. Rxg7 c4 41. Rc7 Kb4
42. Rxc4+ Kxc4 43. Kf4 Kd5 44. Kf5 Kd6 45. Kf6 Kd7 46. Kf7 Kd8 47. g4 Kd7 48. g5
Kd6 49. g6 Ke5 50. g7 Kf4 51. g8=R Kf3 52. Kf6 Kf4 53. Ra8 Ke4 54. Ra5 Kd4 55. Ke6
Kc4 56. Rh5 Kb4 57. Kd6 Ka4 58. Kc6 Kb4 59. Rg5 Ka4 60. Kb6 Ka3 61. Kb5 Kb3 62. Rg3+
Kc2 63. Kc4 Kd2 64. Kd4 Ke2 65. Ke4 Kf2 66. Ra3 Kg2 67. Kf4 Kxh2 68. Kg4 Kg2 69.
Ra2+ Kf1 70. Kf3 Ke1 71. Ke3 Kd1 72. Rh2 Kc1 73. Kd3 Kb1 74. Kc3 Ka1 75. Kb3 Kb1
76. Rh1#  1-0

[Event "3rd 4NCL Easter Congress"]
[Site "Mercure Daventry Court Hotel"]
[Date "2023.04.09"]
[Round "4"]
[Board "7"]
[White "Buckell, David J"]
[Black "Sartain, Patrick P"]
[Result "1-0"]
[WhiteElo "1504"]
[BlackElo "1424"]
[PlyCount "69"]
[EventDate "2023.04.07"]
[EventRounds "7"]
[EventCountry "ENG"]

1. c4 d6 2. Nc3 e5 3. g3 Nf6 4. Bg2 c6 5. d4 Nbd7 6. e4 Be7 7. Nge2 O-O 8. O-O h6
9. h3 Nh7 10. Be3 Bg5 11. Qd2 Bxe3 12. Qxe3 Ng5 13. Rad1 exd4 14. Qxd4 Nb6 15. c5
Bxh3 16. cxb6 Bxg2 17. Kxg2 Qd7 18. Rh1 Qg4 19. Qe3 axb6 20. Qf4 Qxf4 21. gxf4 Ne6
22. Rxd6 Rfd8 23. Rhd1 Rxd6 24. Rxd6 Re8 25. f3 g6 26. Kg3 Kg7 27. Nc1 h5 28. Nd3
Rh8 29. Kh4 Kf6 30. Rd7 g5+ 31. fxg5+ Nxg5 32. Ne1 Ne6 33. Rxb7 Rg8 34. Ne2 Ke5 35.
Rxf7  1-0

[Event "3rd 4NCL Easter Congress"]
[Site "Mercure Daventry Court Hotel"]
[Date "2023.04.09"]
[Round "4"]
[Board "8"]
[White "Craddock-Monroe, Harvey"]
[Black "Dhingra, Kanvansh"]
[Result "1/2-1/2"]
[WhiteElo "1545"]
[BlackElo "1420"]
[PlyCount "177"]
[EventDate "2023.04.07"]
[EventRounds "7"]
[EventCountry "ENG"]

1. e4 e6 2. d3 d5 3. Nf3 dxe4 4. dxe4 Qxd1+ 5. Kxd1 Bc5 6. Ke1 Nc6 7. c3 Nf6 8. Bd3
e5 9. h3 h6 10. a4 a5 11. Ke2 O-O 12. Be3 Be7 13. Na3 Be6 14. Nd2 Rfd8 15. f3 Nh5
16. Nf1 Nf4+ 17. Bxf4 exf4 18. Bc4 Bxa3 19. Bxe6 Bxb2 20. Rb1 fxe6 21. Rxb2 b6 22.
Nd2 Rd7 23. Nc4 Rad8 24. Rbb1 Kf7 25. Rhd1 Kf6 26. Rxd7 Rxd7 27. Rb5 g5 28. Rb2 Ne5
29. Nxe5 Kxe5 30. Rb5+ Kf6 31. Rb2 e5 32. Rb5 Ke6 33. Rb2 Rd6 34. Rb5 c5 35. Rb2
Kd7 36. c4 Ke6 37. Rd2 Rd4 38. Rc2 Kf7 39. Kf2 Rd3 40. Rb2 Rd6 41. Ke2 Ke7 42. Rc2
Kd7 43. Rc3 Kc6 44. Rd3 Rd4 45. Rc3 Kd7 46. Rc2 Ke7 47. Rc3 Kf7 48. Rc2 Kg6 49. Rc3
Kh5 50. Rc2 Kh4 51. Kf2 Rd3 52. Rb2 Rd6 53. Rc2 h5 54. Ke2 Kg3 55. Ke1 Rd3 56. Rb2
Ra3 57. Rxb6 Kxg2 58. Rg6 Rxf3 59. Rxg5+ Rg3 60. Rxe5 f3 61. Rf5 Rxh3 62. Kd2 Rh4
63. Ke3 Rh1 64. Rxf3 Re1+ 65. Kf4 h4 66. Rc3 Rf1+ 67. Kg4 Re1 68. Kxh4 Rxe4+ 69.
Kg5 Rd4 70. Kf5 Kf2 71. Ke5 Ke2 72. Ra3 Rxc4 73. Kd5 Rc2 74. Kc6 c4 75. Kb5 Kd2 76.
Kxa5 Rc3 77. Rxc3 Kxc3 78. Kb5 Kd4 79. a5 c3 80. a6 c2 81. a7 c1=Q 82. a8=Q Qb2+
83. Ka6 Qa3+ 84. Kb7 Qb4+ 85. Ka7 Qc5+ 86. Kb7 Qb5+ 87. Ka7 Qa5+ 88. Kb8 Qxa8+ 89.
Kxa8  1/2-1/2

[Event "3rd 4NCL Easter Congress"]
[Site "Mercure Daventry Court Hotel"]
[Date "2023.04.09"]
[Round "4"]
[Board "9"]
[White "Collins, Nigel"]
[Black "Maher, Mike P"]
[Result "1/2-1/2"]
[WhiteElo "1454"]
[BlackElo "1594"]
[PlyCount "55"]
[EventDate "2023.04.07"]
[EventRounds "7"]
[EventCountry "ENG"]

1. c4 f5 2. Nc3 Nf6 3. g3 e6 4. Bg2 Be7 5. d3 O-O 6. e4 fxe4 7. dxe4 e5 8. f4 exf4
9. gxf4 d6 10. Nf3 Nc6 11. O-O a5 12. b3 Qe8 13. Re1 Qh5 14. e5 dxe5 15. Nxe5 Qxd1
16. Rxd1 Bc5+ 17. Kh1 Nxe5 18. fxe5 Ng4 19. Ne4 Bf5 20. Nxc5 Nf2+ 21. Kg1 Nxd1 22.
Be3 Nc3 23. Bd5+ Nxd5 24. cxd5 Bh3 25. Ne6 Bf5 26. Re1 Ra6 27. Bc5 Rxe6 28. dxe6
 1/2-1/2

[Event "3rd 4NCL Easter Congress"]
[Site "Mercure Daventry Court Hotel"]
[Date "2023.04.09"]
[Round "4"]
[Board "10"]
[White "Jerome, Stellio"]
[Black "Veeturi, Yashvardhan"]
[Result "1/2-1/2"]
[WhiteElo "1512"]
[BlackElo "1183"]
[PlyCount "133"]
[EventDate "2023.04.07"]
[EventRounds "7"]
[EventCountry "ENG"]

1. g4 d5 2. h3 e5 3. Bg2 h5 4. gxh5 Nf6 5. c4 c6 6. cxd5 cxd5 7. Nc3 Be6 8. Qb3 Qb6
9. Nxd5 Qxb3 10. Nxf6+ gxf6 11. axb3 Nc6 12. e3 Bxb3 13. Ne2 Rxh5 14. Nc3 Kd7 15.
Nd5 Rh6 16. Nb6+ axb6 17. Rxa8 Bb4 18. O-O Nb8 19. Kh2 Bd6 20. Rh1 e4+ 21. Kg1 Rg6
22. Kf1 Bc4+ 23. Kg1 Be2 24. Rh2 Bf3 25. Kh1 Bxh2 26. Bxf3 exf3 27. Kxh2 Rg2+ 28.
Kh1 Rxf2 29. Ra1 Rg2 30. b3 Nc6 31. Bb2 Ne7 32. Rf1 Rg3 33. Kh2 Nf5 34. Rf2 Rg6 35.
Rxf3 Ke6 36. Rf4 Nd6 37. d3 f5 38. Bd4 b5 39. Bc5 Rg5 40. b4 Nc8 41. e4 fxe4 42.
dxe4 Rg7 43. Bd4 Rg6 44. e5 Ne7 45. Rf6+ Rxf6 46. exf6 Nd5 47. Kg3 Kf5 48. Bc5 Nxf6
49. h4 Ne4+ 50. Kf3 Nxc5 51. bxc5 b4 52. Ke3 b3 53. Kd3 b2 54. Kc2 b1=Q+ 55. Kxb1
Kg4 56. h5 Kxh5 57. Kc2 Kg5 58. Kd3 Kf5 59. Kd4 Ke6 60. Ke4 f5+ 61. Kf4 Kd5 62. Kxf5
Kxc5 63. Ke4 b5 64. Kd3 b4 65. Kc2 Kc4 66. Kb2 b3 67. Kb1  1/2-1/2

[Event "3rd 4NCL Easter Congress"]
[Site "Mercure Daventry Court Hotel"]
[Date "2023.04.09"]
[Round "4"]
[Board "11"]
[White "Morris, Nigel W"]
[Black "Ashworth, Steven M"]
[Result "1/2-1/2"]
[WhiteElo "1366"]
[BlackElo "1434"]
[PlyCount "46"]
[EventDate "2023.04.07"]
[EventRounds "7"]
[EventCountry "ENG"]

1. c4 Nf6 2. Nc3 e5 3. Nf3 Nc6 4. e3 Bb4 5. Qc2 O-O 6. a3 Bxc3 7. Qxc3 d6 8. Be2
Ne4 9. Qc2 f5 10. d3 Ng5 11. O-O Nxf3+ 12. Bxf3 Rf6 13. b4 g5 14. b5 Ne7 15. Bb2
g4 16. Be2 Rh6 17. d4 e4 18. d5 Ng6 19. f4 exf3 20. gxf3 Rxh2 21. Kxh2 Qh4+ 22. Kg1
Qg3+ 23. Kh1 Qh3+  1/2-1/2

[Event "3rd 4NCL Easter Congress"]
[Site "Mercure Daventry Court Hotel"]
[Date "2023.04.09"]
[Round "4"]
[Board "12"]
[White "De Block, Gert"]
[Black "Scorer, David M"]
[Result "1-0"]
[WhiteElo "1600"]
[BlackElo "1269"]
[PlyCount "69"]
[EventDate "2023.04.07"]
[EventRounds "7"]
[EventCountry "ENG"]

1. e4 c6 2. d4 d5 3. e5 Bf5 4. Nf3 e6 5. Bd3 Bxd3 6. Qxd3 Ne7 7. O-O Ng6 8. b3 Be7
9. c4 O-O 10. Nc3 Nd7 11. g3 a6 12. Ne2 Qc7 13. Bd2 dxc4 14. bxc4 Rad8 15. Qc2 Nb6
16. g4 Nd7 17. h4 h5 18. Ng5 Bxg5 19. Bxg5 Rc8 20. f4 Rfe8 21. f5 Nh8 22. Nf4 exf5
23. Qxf5 g6 24. Qd3 Nf8 25. Bf6 Ne6 26. Nxe6 Rxe6 27. d5 cxd5 28. cxd5 Qc5+ 29. Kh1
Rb6 30. Bxh8 Kxh8 31. Rxf7 Rf8 32. Rxf8+ Qxf8 33. Rf1 Qg7 34. Qe3 Rb2 35. e6  1-0